Loading...
Science - Physics | 2 | 3 | 1 | 1 | 55 | 32 | 101.80 | 2 | 4 |
Science - Other Science | 1 | 3 | 0 | 1 | 45 | 65 | 105.00 | 0 | 3 |
Literature - World Literature | 1 | 3 | 0 | 1 | 45 | 65 | 126.25 | 1 | 1 |
Fine Arts - Visual Fine Arts | 0 | 3 | 0 | 1 | 30 | 91 | 119.00 | 0 | 1 |
Literature - European Literature | 0 | 3 | 0 | 1 | 30 | 137 | 146.67 | 0 | 1 |
Fine Arts - Classical Music and Opera | 0 | 2 | 0 | 1 | 20 | 134 | 145.00 | 0 | 1 |
Fine Arts - Other Fine Arts | 0 | 2 | 0 | 1 | 20 | 92 | 119.00 | 0 | 1 |
History - European History | 0 | 2 | 1 | 2 | 15 | 123 | 126.50 | 0 | 0 |
Literature - British Literature | 0 | 2 | 1 | 0 | 15 | 122 | 135.00 | 0 | 1 |
Beliefs | 0 | 1 | 0 | 0 | 10 | 124 | 124.00 | 0 | 1 |
Geography | 0 | 1 | 0 | 1 | 10 | 155 | 155.00 | 0 | 0 |
History - US History | 0 | 1 | 0 | 0 | 10 | 129 | 129.00 | 0 | 0 |
Literature - American Literature | 0 | 1 | 0 | 1 | 10 | 146 | 146.00 | 0 | 0 |
Modern World | 0 | 1 | 0 | 1 | 10 | 144 | 144.00 | 0 | 0 |
Philosophy | 0 | 1 | 0 | 0 | 10 | 85 | 85.00 | 0 | 0 |
Science - Biology | 0 | 1 | 0 | 1 | 10 | 124 | 124.00 | 0 | 0 |
Social Science | 0 | 1 | 1 | 0 | 5 | 137 | 137.00 | 1 | 1 |
Science - Astronomy | 0 | 0 | 0 | 0 | 0 | 0.00 | 0 | 0 | |
History - Other History | 0 | 0 | 0 | 0 | 0 | 0.00 | 0 | 0 |